| 000 | 00962nam a2200229Ia 4500 | ||
|---|---|---|---|
| 999 |
_c55742 _d55742 |
||
| 001 | 22837 | ||
| 003 | GE_BSU | ||
| 005 | 20230523120527.0 | ||
| 008 | 181216s ||||ge |||||||||||||| ||geo|| | ||
| 040 | _cGE_BSU | ||
| 041 | _ageo | ||
| 080 | _a811.353.1'36(075.3) შ-21 | ||
| 100 |
_aშანიძე, აკაკი _918184 |
||
| 245 |
_aქართული ენის გრამატიკა. ნაწ. 1 : ფონეტიკა და მორფოლოგია : _bსაშ. სკოლის სახელმძღვ. / _c აკაკი შანიძე. |
||
| 264 |
_aთბილისი : _bცოდნა, _c1962. |
||
| 300 |
_a122 გვ. ; _c 24 სმ. |
||
| 541 | _h3ლ. 80თ. | ||
| 653 | _aქართული ენა | ||
| 653 | _aქართული ენის გრამატიკა ნაწ. 1 | ||
| 653 | _aფონეტიკა და მორფოლოგია | ||
| 942 |
_cBK _2udc |
||